000 00782cam a2200265 a 4500
001 142173
003 OSt
005 20180921
008 0000001991 DOM 0000000000 00
100 _aRosenstein, Emilio
245 _aDiccionario de especialidades farmacéuticas
_cEmilio Rosenstein
250 _a22
260 _bCentro América Dominicana
300 _a1080 p.
650 _aFarmacología
040 _aDLC
_cDLC
942 _2ddc
_cBK
999 _c142173
_d14217300